Sports Quiz

Random Sports or College Quiz

Can You Name These NFL Stars In Their College Uniforms? Quiz Stats

 Plays Quiz not verified by Sporcle

Score 0/20 Timer 06:00
0 Plays Today
% Correct
Tom Brady
96.8%
Russell Wilson
96%
Aaron Rodgers
94.4%
Todd Gurley
90.5%
Saquon Barkley
89.7%
Ezekiel Elliott
82.5%
Nick Foles
77%
Le'Veon Bell
77%
Aaron Donald
76.2%
Luke Kuechly
69.8%
% Correct
Matt Ryan
66.7%
Antonio Brown
63.5%
Khalil Mack
61.9%
Rob Gronkowski
55.6%
Von Miller
47.6%
Jay Cutler
39.7%
Patrick Peterson
32.5%
Earl Thomas
31%
Davante Adams
15.1%
Desmond Trufant
11.1%

You're not logged in!

Compare scores with friends on all Sporcle quizzes.
OR
Log In

Show Comments

Extras

Created Dec 29, 2018ReportNominate
Tags:College Quiz, NFL Quiz, star, uniform

Top Quizzes Today


Score Distribution

Your Account Isn't Verified!

In order to create a playlist on Sporcle, you need to verify the email address you used during registration. Go to your Sporcle Settings to finish the process.

Report this User

Report this user for behavior that violates our Community Guidelines.

Details: